00581 2200157 4500245004800000020001800048250001100066100001600077650001700093005001900110260004400129041001200173084000800185300002100193500020900214 aThe architecture of lovecIka NatassahText a9786020651781 aCet. 3 aIka Natassa aNovel Remaja a20231005110929 aIndonesiabGramedia Pustaka Utamac2022 aEnglish a813 a272 pgs :c20 cm a'' People say that Paris is the city of love, but for Raia, New York deserves the title more. it's impossible not to fall in love with the city like it's almost impossible not to fall in love in the city.